Reports of the national juvenile justice assessment centers : (Record no. 596137)
[ view plain ]
| 000 -LEADER | |
|---|---|
| fixed length control field | 01083namaa2200301 a 4500 |
| 001 - CONTROL NUMBER | |
| control field | vtls001303901 |
| 003 - CONTROL NUMBER IDENTIFIER | |
| control field | NLI |
| 005 - DATE AND TIME OF LATEST TRANSACTION | |
| control field | 20210627043902.0 |
| 008 - FIXED-LENGTH DATA ELEMENTS--GENERAL INFORMATION | |
| fixed length control field | 120418s1980 dcu i000 0 eng |
| 039 #9 - LEVEL OF BIBLIOGRAPHIC CONTROL AND CODING DETAIL [OBSOLETE] | |
| -- | 201204181930 |
| -- | VLOAD |
| 040 0# - CATALOGING SOURCE | |
| Original cataloging agency | NLI |
| Transcribing agency | VTLS-2012_FOD |
| Description conventions | AACR2 |
| 041 0# - LANGUAGE CODE | |
| Language code of text/sound track or separate title | eng |
| 044 ## - COUNTRY OF PUBLISHING/PRODUCING ENTITY CODE | |
| MARC country code | dcu |
| 082 04 - DEWEY DECIMAL CLASSIFICATION NUMBER | |
| Classification number | 364.360973 |
| 100 1# - MAIN ENTRY--PERSONAL NAME | |
| Personal name | Janvier, Richard L. |
| 9 (RLIN) | 725370 |
| 245 10 - TITLE STATEMENT | |
| Title | Reports of the national juvenile justice assessment centers : |
| Remainder of title | an assessment of evaluations of drug abuse prevention programs / |
| Statement of responsibility, etc. | Richard L. Janvier, David R. Guthmann and Richard F. Catalano |
| 260 ## - PUBLICATION, DISTRIBUTION, ETC. | |
| Place of publication, distribution, etc. | Washington, D.C. : |
| Name of publisher, distributor, etc. | United States Government Printing Office, |
| Date of publication, distribution, etc. | 1980 |
| 300 ## - PHYSICAL DESCRIPTION | |
| Extent | viii, 48 p. ; |
| Dimensions | 28 cm. |
| 650 #0 - SUBJECT ADDED ENTRY--TOPICAL TERM | |
| Topical term or geographic name entry element | Juvenile delinquency |
| 9 (RLIN) | 725371 |
| 650 #0 - SUBJECT ADDED ENTRY--TOPICAL TERM | |
| Topical term or geographic name entry element | Teenage sex offenders |
| 9 (RLIN) | 725372 |
| 700 1# - ADDED ENTRY--PERSONAL NAME | |
| Personal name | Guthmann, David R., |
| Relationship | jt. aut |
| 9 (RLIN) | 725373 |
| 700 1# - ADDED ENTRY--PERSONAL NAME | |
| Personal name | Catalano, Richard F., |
| Relationship | jt. aut |
| 9 (RLIN) | 725374 |
| 887 ## - NON-MARC INFORMATION FIELD | |
| Content of non-MARC field | |
| 901 ## - LOCAL DATA ELEMENT A, LDA (RLIN) | |
| a | AD 131634 |
| b | 25.10.2010 |
| 902 ## - LOCAL DATA ELEMENT B, LDB (RLIN) | |
| a | U.S 364.360973 J 269 |
| 949 ## - LOCAL PROCESSING INFORMATION (OCLC) | |
| -- | VIRTUAITEM |
| -- | 10000 |
| -- | 100 |
| 6 | ADX000131634ENG |
| 942 ## - ADDED ENTRY ELEMENTS (KOHA) | |
| Source of classification or shelving scheme | Dewey Decimal Classification |
| Koha item type | Books |
| Withdrawn status | Lost status | Damaged status | Not for loan | Collection code | Home library | Current library | Shelving location | Date acquired | Total Checkouts | Full call number | Barcode | Date last seen | Price effective from | Koha item type |
|---|---|---|---|---|---|---|---|---|---|---|---|---|---|---|
| National Library of India | National Library of India | U.S 364.360973 J 269 | ADX000131634ENG | 27/06/2021 | 27/06/2021 | Books |
